Israel Quiz - Statistiken

Allgemein
  • Dieses Quiz wurde 37 mal gespielt
  • Das Durchschnittsergebnis liegt bei 9 aus 15
Antwortstatistiken
Hint Antwort % Korrekt
Hauptstadt Jerusalem
100%
Amtssprache Hebräisch
90%
Stadt am Mittelmeer mit dem einzigen internationalen Flughafen Tel Aviv
90%
verbreitetste Religion in Israel (76,9% der Bevölkerung) Judentum
84%
Stadt, in der Jesus aufgewachsen ist Nazareth
84%
tiefstgelegener See der Erde (ca. 400 Meter unter dem Meeresspiegel) totes Meer
84%
Fluss, der Israels Grenze im Osten bildet Jordan
81%
Geburtsort Jesu Betlehem
71%
erster Ministerpräsident Israels und Namensgeber des Flughafens bei #2 David Ben-Gurion
39%
zu Syrien gehörendes und von Israel annektiertes Gebiet im Nordosten Golanhöhen
39%
führte zur Übernahme der Sinai-Halbinselmim Jahr 1967 Sechstagekrieg
35%
größte Wüste in Israel Negev
32%
südlichste Stadt Israels und einzige Stadt am roten Meer Eilat
26%
Diese Stadt hat - im Verhältnis zu seiner Einwohnerzahl gesehen - die meisten Schachgroßmeister weltweit. Beer Sheva
13%
See im Norden des Landes Genesareth
6%
Keine übereinstimmenden Quizze gefunden
Verteilung der Resultate
Anzahl Personen mit jedem Resultat
Perzentil nach korrekt beantworteten Fragen
Ihre Resultats-Entwicklung
Sie haben dieses Quiz noch nicht gespielt